[Event "Ptuj op"]
[Site "Ptuj"]
[Date "2009.08.05"]
[Round "5"]
[White "Belsak, Zan"]
[Black "Zupe, Miran"]
[Result "1/2-1/2"]
[WhiteElo "2030"]
[BlackElo "2344"]
[PlyCount "37"]
[EventDate "2009.08.02"]
[EventType "swiss"]
[EventRounds "9"]
[EventCountry "SLO"]
[SourceTitle "CBM 131 Extra"]
[Source "ChessBase"]
[SourceDate "2009.09.03"]
[SourceVersion "2"]
[SourceVersionDate "2009.09.16"]
[SourceQuality "1"]

1. e4 e6 2. d4 d5 3. exd5 exd5 4. Bd3 Bd6 5. Ne2 Ne7 6. 0-0 0-0 7. Bf4 Bg4 8. f3 Bh5 9. c3 Bg6 10. Qc2 c6 11. Nd2 Na6 12. Rfe1 Nc7 13. Nf1 Re8 14. Nfg3 Ne6 15. Bxd6 Qxd6 16. Bxg6 hxg6 17. Qd2 Rad8 18. Rad1 Nc8 19. Nc1 1/2-1/2

[Event "SLO-chT2 Ost"]
[Site "Maribor"]
[Date "2009.06.06"]
[Round "3"]
[White "Belsak, Zan"]
[Black "Kolar, Drago"]
[Result "1/2-1/2"]
[WhiteElo "2030"]
[BlackElo "1879"]
[PlyCount "84"]
[EventDate "2009.05.30"]
[EventType "team-tourn"]
[EventRounds "9"]
[EventCountry "SLO"]
[SourceTitle "EXT 2022"]
[Source "ChessBase"]
[SourceDate "2021.10.06"]
[SourceVersion "1"]
[SourceVersionDate "2021.10.06"]
[SourceQuality "1"]

1. e4 c6 2. d4 d5 3. exd5 cxd5 4. Bd3 Nc6 5. c3 Nf6 6. Bf4 Qb6 7. Qb3 Qxb3 8. axb3 Nh5 9. Be3 e6 10. Na3 Bd6 11. Ne2 0-0 12. 0-0 f5 13. f4 h6 14. Nb5 Bb8 15. Bd2 Kh8 16. g3 Rg8 17. Rf3 Nf6 18. c4 b6 19. Re1 a6 20. Nbc3 Ne4 21. Bxe4 dxe4 22. Rff1 Rd8 23. Be3 Nb4 24. Rc1 Nd3 25. Rc2 Bb7 26. Nc1 Nb4 27. Rd2 Bc7 28. Rfd1 Rd7 29. N1a2 Nd3 30. Ne2 Rg8 31. Nac1 Nb4 32. Kf2 g5 33. Rg1 Rdg7 34. d5 exd5 35. Bd4 Re8 36. Ke3 Kh7 37. Bxg7 Kxg7 38. cxd5 Nxd5+ 39. Rxd5 Bxd5 40. Nd4 Kf6 41. Nc2 b5 42. Rf1 g4 1/2-1/2

[Event "SLO-chT2 Ost"]
[Site "Maribor"]
[Date "2009.06.06"]
[Round "4"]
[White "Kosic, Branko"]
[Black "Belsak, Zan"]
[Result "0-1"]
[WhiteElo "1877"]
[BlackElo "2030"]
[PlyCount "107"]
[EventDate "2009.05.30"]
[EventType "team-tourn"]
[EventRounds "9"]
[EventCountry "SLO"]
[SourceTitle "EXT 2022"]
[Source "ChessBase"]
[SourceDate "2021.10.06"]
[SourceVersion "1"]
[SourceVersionDate "2021.10.06"]
[SourceQuality "1"]

1. e4 e5 2. Nf3 Nc6 3. Bb5 a6 4. Ba4 Nf6 5. 0-0 b5 6. Bb3 Be7 7. Re1 0-0 8. c3 d6 9. h3 Be6 10. d4 Bxb3 11. Qxb3 Re8 12. Nbd2 Bf8 13. Nf1 exd4 14. cxd4 Nxe4 15. Qd5 Nb4 16. Qb3 d5 17. a3 Nc6 18. Bf4 Na5 19. Qc2 Bd6 20. Bg5 f6 21. Bd2 Nc4 22. Ne3 Nxe3 23. Bxe3 Qd7 24. Rac1 a5 25. Nd2 a4 26. Nxe4 Rxe4 27. f3 Re7 28. Bf2 Rae8 29. Qd2 Qf5 30. Rxe7 Rxe7 31. Re1 Qf4 32. Qxf4 Rxe1+ 33. Bxe1 Bxf4 34. Kf2 Kf7 35. g3 Bd6 36. Ke3 Ke6 37. f4 h5 38. g4 hxg4 39. hxg4 f5 40. Kf3 c5 41. Bf2 cxd4 42. Bxd4 g6 43. g5 Kd7 44. Ke3 Kc6 45. Bc3 Bc5+ 46. Kd3 Bd6 47. Bd2 Bc5 48. Bc3 Bb6 49. Bb4 d4 50. Be1 Kd5 51. Bb4 Bc7 52. Bd2 Bd6 53. Bc1 b4 54. b3 0-1